Psychology / (Record no. 3266)

000 -LEADER
fixed length control field 00997cam a2200277 a 4500
001 - CONTROL NUMBER
control field 12355721
003 - CONTROL NUMBER IDENTIFIER
control field OSt
005 - DATE AND TIME OF LATEST TRANSACTION
control field 20160920122104.0
008 - FIXED-LENGTH DATA ELEMENTS--GENERAL INFORMATION
fixed length control field 010322s2002 nyua b 001 0 eng
010 ## - LIBRARY OF CONGRESS CONTROL NUMBER
LC control number 2001026103
020 ## - INTERNATIONAL STANDARD BOOK NUMBER
International Standard Book Number 0716751623
040 ## - CATALOGING SOURCE
Original cataloging agency DLC
Transcribing agency DLC
Modifying agency DLC
050 00 - LIBRARY OF CONGRESS CALL NUMBER
Classification number BF121.G667 2002
082 00 - DEWEY DECIMAL CLASSIFICATION NUMBER
Classification number 150
Edition number 21
100 1# - MAIN ENTRY--PERSONAL NAME
Personal name Gray, Peter
Fuller form of name (Peter O.)
245 10 - TITLE STATEMENT
Title Psychology /
Statement of responsibility, etc Peter Gray.
250 ## - EDITION STATEMENT
Edition statement 4th ed.
260 ## - PUBLICATION, DISTRIBUTION, ETC. (IMPRINT)
Place of publication, distribution, etc New York :
Name of publisher, distributor, etc Worth Publishers,
Date of publication, distribution, etc c2002.
300 ## - PHYSICAL DESCRIPTION
Extent 1 v. (various pagings) :
Other physical details ill. (some col.) ;
Dimensions 29 cm.
504 ## - BIBLIOGRAPHY, ETC. NOTE
Bibliography, etc Includes bibliographical references (p. R1-R52) and indexes.
650 #0 - SUBJECT ADDED ENTRY--TOPICAL TERM
Topical term or geographic name as entry element Psychology
Form subdivision Textbooks.
856 42 - ELECTRONIC LOCATION AND ACCESS
Materials specified Publisher description
Uniform Resource Identifier <a href="http://www.loc.gov/catdir/enhancements/fy0904/2001026103-d.html">http://www.loc.gov/catdir/enhancements/fy0904/2001026103-d.html</a>
906 ## - LOCAL DATA ELEMENT F, LDF (RLIN)
a 7
b cbc
c orignew
d 1
e ocip
f 19
g y-gencatlg
942 ## - ADDED ENTRY ELEMENTS (KOHA)
Source of classification or shelving scheme
Koha item type Book
Holdings
Withdrawn status Lost status Source of classification or shelving scheme Damaged status Not for loan Home library Current library Shelving location Date acquired Total Checkouts Full call number Barcode Date last seen Date checked out Copy number Price effective from Koha item type
          Riara University Library Riara University Library General stack 20/09/2016 1 BF121.G667 2002 8367/16 03/08/2018 17/07/2018 C.1 20/09/2016 Book

Riara University Library,
P.O. Box 49940-00100,
Nairobi, Kenya.